ნორმალური ფორმატი
MARC ფორმატი
ჩანაწერი Personal Name
ჩანაწერთა რაოდენობა, რომელიც გამოყენებულია: 7
001 - CONTROL NUMBER
- control field: 8646
003 - CONTROL NUMBER IDENTIFIER
- control field: GE_BSU
005 - DATE AND TIME OF LATEST TRANSACTION
- control field: 20200622123906.0
008 - FIXED-LENGTH DATA ELEMENTS
- fixed length control field: 200622|| aca||aabn | a|a d
040 ## - CATALOGING SOURCE
- Original cataloging agency: GE_BSU
- Transcribing agency: GE_BSU
100 ## - HEADING--PERSONAL NAME
- Personal name: Netter, Frank H.
- Fuller form of name: (Frank Henry),
- Dates associated with a name: 1906-1991.
670 ## - SOURCE DATA FOUND
- Source citation: Work cat.: (GE_BSU)0: Netter, Frank H. (Frank Henry), 1906-1991., Atlas of human anatomy /
